000 01279nam a22003497a 4500
999 _c19253
_d19253
001 15097333
003 OSt
005 20210607132354.0
008 161005b xxu||||| |||| 00| 0 eng d
010 _a 2007049160
020 _a0321331885 (pbk. : alk. paper)
020 _a9780321331885 (pbk. : alk. paper)
035 _a(OCoLC)ocn182662768
035 _a(OCoLC)182662768
_z(OCoLC)144555869
040 _aMMU
_cMMU
_dMMU
_beng
050 0 0 _aQA76.76.D47
_bE55 2009
082 0 0 _a005.13/3
_222
245 0 0 _aEMF :
_bEclipse Modeling Framework /
_cDave Steinberg ... [et al.].
250 _a2nd ed., Rev. and updated.
260 _aUpper Saddle River, NJ :
_bAddison-Wesley,
_cc2009.
300 _axxix, 704 p. :
_bill. ;
_c24 cm.
490 1 _aThe eclipse series
504 _aIncludes bibliographical references and index.
650 0 _aComputer software
_xDevelopment.
650 0 _aJava (Computer program language)
700 1 _aSteinberg, Dave.
830 0 _aEclipse series.
856 4 1 _3Table of contents only
_uhttp://www.loc.gov/catdir/toc/ecip086/2007049160.html
906 _a7
_bcbc
_corignew
_d1
_eecip
_f20
_gy-gencatlg
942 _2lcc
_cLOAN LOAN